Sherlock Holmes : (Registro nro. 6818)
[ vista simple ]
| 000 -CABECERA | |
|---|---|
| campo de control de longitud fija | 01431nam a2200325 u 4500 |
| 001 - NÚMERO DE CONTROL | |
| campo de control | 000057552 |
| 005 - FECHA Y HORA DE LA ÚLTIMA TRANSACCIÓN | |
| campo de control | 20200120223649.0 |
| 008 - DATOS DE LONGITUD FIJA--INFORMACIÓN GENERAL | |
| campo de control de longitud fija | 130703s2010 ck a jr 000 f spa d |
| 020 ## - NÚMERO INTERNACIONAL ESTÁNDAR DEL LIBRO | |
| Número Internacional Estándar del Libro | 9789583034121. |
| 041 0# - CÓDIGO DE LENGUA | |
| Código de lengua del texto/banda sonora o título independiente | spa |
| 090 ## - LOCALMENTE ASIGNADO TIPO-LC NÚMERO DE CLASIFICACIÓN (OCLC); NÚMERO DE CLASIFICACIÓN LOCAL (RLIN) | |
| Número de clasificación (OCLC) (R) ; Numero de clasificación, CALL (RLIN) (NR) | JN |
| Número cutter local (OCLC) ; Número de libro/Signatura topográfica íntegra, CALL (RLIN) | BAMC |
| 100 1# - ENTRADA PRINCIPAL--NOMBRE DE PERSONA | |
| Nombre de persona | Bampton, Claire |
| 245 13 - MENCIÓN DE TÍTULO | |
| Título | Sherlock Holmes : |
| Resto del título | El sabueso de los Baskerville / |
| Mención de responsabilidad, etc. | Sir Arthur Conan Doyle ; historia Claire Bampton ; animación David Hawcock ; arte Anthony Williams. |
| 250 ## - MENCIÓN DE EDICIÓN | |
| Mención de edición | 1a. ed. |
| 260 ## - PUBLICACIÓN, DISTRIBUCIÓN, ETC. | |
| Lugar de publicación, distribución, etc. | Bogotá : |
| Nombre del editor, distribuidor, etc. | Panamericana, |
| Fecha de publicación, distribución, etc. | 2010. |
| 300 ## - DESCRIPCIÓN FÍSICA | |
| Extensión | [14] .s.n p. : |
| Otras características físicas | il., col. |
| 490 0# - MENCIÓN DE SERIE | |
| Mención de serie | Cuento clásico animado |
| 500 ## - NOTA GENERAL | |
| Nota general | Texto solo para consulta en sala |
| 500 ## - NOTA GENERAL | |
| Nota general | Incluye páginas desplegables |
| 500 ## - NOTA GENERAL | |
| Nota general | Recomendado para niños de 9 años en adelante |
| 520 3# - SUMARIO, ETC. | |
| Sumario, etc. | "En este libro se combinan ilustraciones contemporáneas con lo mejor del arte gráfico para crear una versión de esta obra de la literatura clásica. En esta versión toma vida una historia de detectives, imágenes dramáticas y escenas 3D, saltan a la vista permitiendo a Sherlock Holmes resolver el misterio de la maldición Baskerville". |
| 600 17 - PUNTO DE ACCESO ADICIONAL DE MATERIA--NOMBRE DE PERSONA | |
| Nombre de persona | Doyle, Arthur Conan |
| Fechas asociadas al nombre | 1859-1930 |
| Subdivisión de forma | Adaptaciones literarias |
| 650 14 - PUNTO DE ACCESO ADICIONAL DE MATERIA--TÉRMINO DE MATERIA | |
| Término de materia o nombre geográfico como elemento de entrada | Novela juvenil |
| 650 24 - PUNTO DE ACCESO ADICIONAL DE MATERIA--TÉRMINO DE MATERIA | |
| Término de materia o nombre geográfico como elemento de entrada | Literatura juvenil |
| 650 24 - PUNTO DE ACCESO ADICIONAL DE MATERIA--TÉRMINO DE MATERIA | |
| Término de materia o nombre geográfico como elemento de entrada | Novela gráfica. |
| 650 24 - PUNTO DE ACCESO ADICIONAL DE MATERIA--TÉRMINO DE MATERIA | |
| Término de materia o nombre geográfico como elemento de entrada | Detectives en la literatura |
| 650 24 - PUNTO DE ACCESO ADICIONAL DE MATERIA--TÉRMINO DE MATERIA | |
| Término de materia o nombre geográfico como elemento de entrada | Aventuras en la literatura. |
| 700 1# - PUNTO DE ACCESO ADICIONAL--NOMBRE DE PERSONA | |
| Nombre de persona | Hawcock, David. |
| 700 1# - PUNTO DE ACCESO ADICIONAL--NOMBRE DE PERSONA | |
| Nombre de persona | Williams, Anthony. |
No hay ítems disponibles.
